|
|
|
|
| LEADER |
00000njm a2200000 4500 |
| 001 |
vtls012063343 |
| 003 |
SK-MaSNL |
| 005 |
20260301141852.0 |
| 007 |
sd cszc p |
| 008 |
210727s1966 xr sgz g 0 0 slo |
| 028 |
0 |
1 |
|a 013588
|b Supraphon
|
| 028 |
1 |
3 |
|a D 02082/A B
|b Supraphon
|
| 028 |
1 |
3 |
|a D 02083/A A
|b Supraphon
|
| 028 |
0 |
1 |
|a B-03*10020
|b Supraphon
|
| 040 |
|
|
|a SNK
|b slo
|e rda
|c SNK
|
| 041 |
0 |
|
|a slo
|
| 044 |
|
|
|a xr
|c CZ
|
| 072 |
|
7 |
|a 78.011.26
|x Populárna hudba. Populárne piesne. Populárna tanečná hudba
|2 konspekt
|
| 080 |
|
|
|a 78.03.011.26
|2 2011
|
| 080 |
|
|
|a (086.72)
|2 2011
|
| 245 |
0 |
0 |
|a Ako mám žiť bez teba : Mám rozprávkový dom
|c Eva Pilarová, Karel Gott
|
| 264 |
|
1 |
|a Praha
|b Supraphon
|c [1966]
|
| 264 |
|
4 |
|c Ⓟ1966
|
| 300 |
|
|
|a 1 gramofónová platňa
|c 18 cm
|
| 336 |
|
|
|a hraná hudba
|b prm
|2 rdacontent
|
| 337 |
|
|
|a audio
|b s
|2 rdamedia
|
| 338 |
|
|
|a iný
|b z
|2 rdacarrier
|
| 340 |
|
|
|a vinyl
|a rda
|
| 344 |
|
|
|a analog
|c 45 ot/min
|g stereo
|2 rda
|
| 500 |
|
|
|a Platňa obsahuje 2 piesne
|
| 500 |
|
|
|a Názov prevzatý z obalu
|
| 500 |
|
|
|a Miesto vydania podľa vydavateľa
|
| 650 |
0 |
7 |
|a populárna hudba
|2 SNKPH
|9 3428
|
| 650 |
0 |
7 |
|a Popular music
|2 SNKPHeng
|9 90436
|
| 655 |
|
7 |
|a gramofónové platne
|2 SNKPH
|9 74608
|
| 655 |
|
7 |
|a Gramophone records
|2 SNKPHeng
|9 286457
|
| 700 |
1 |
|
|a Pilarová, Eva,
|d 1939-2020
|4 sng
|9 196130
|
| 700 |
1 |
|
|a Gott, Karel,
|d 1939-2019
|4 sng
|9 98862
|
| 700 |
1 |
|
|a Vobruba, Josef
|4 cnd
|4 arr
|9 294521
|
| 700 |
1 |
|
|a Siváček, Ján,
|d 1928-1987
|4 cmp
|9 41890
|
| 700 |
1 |
|
|a Hudecová, Katarína,
|d 1928-2017
|4 lyr
|9 93480
|
| 700 |
1 |
|
|a Matušík, Vieroslav,
|d 1927-1995
|4 cmp
|9 243767
|
| 700 |
1 |
|
|a Jelínková, Eliška,
|d 1922-
|4 lyr
|9 185301
|
| 710 |
2 |
|
|a Sbor Lubomíra Pánka
|4 prf
|9 35275
|
| 710 |
2 |
|
|a Taneční orchestr Čs. rozhlasu
|4 prf
|9 285001
|
| 740 |
0 |
2 |
|a Ako mám žiť bez teba
|h zvukový záznam
|
| 740 |
0 |
2 |
|a Mám rozprávkový dom
|h zvukový záznam
|
| 999 |
|
|
|c 768496
|d 770426
|
| 952 |
|
|
|a SNK
|b SNK
|y PREZ
|7 0
|p 17A1420169
|o snk 45-112
|i snk1535/66
|0 0
|1 0
|4 0
|d 2021-07-27
|l 0
|r 2026-02-24 00:26:34
|w 2026-02-24
|
| 952 |
|
|
|a SNKMST
|b SNKMST
|y PREZ
|7 0
|p 17A1420170
|o snk 45-112 D1
|i snk1536/66
|0 0
|1 0
|4 0
|d 2021-07-27
|l 0
|r 2026-02-24 00:26:34
|w 2026-02-24
|